000 00473nam a22001937a 4500
003 MPLRDC
005 20220104154546.0
008 210129b ||||| |||| 00| 0 eng d
020 _a983-3031-10-2
082 _a868.716 YYZ
100 _a叶玉昭
245 _a30%那一边
_c
250 _a初版
260 _a马来西亚
_b文桥传播中心有限公司
_c2004
300 _b
490 _a文桥散文
650 _a马华文学
942 _cBK
_o868.716 YYZ
999 _c54046
_d54036